Bunt or stinking smut of wheat (a world problem) /

Bibliographic Details
Main Author: Holton, Charles Stewart, 1904-
Other Authors: Heald, F. D. (Fred DeForest), 1872-1954
Format: Book
Language:English
Published: Minneapolis, Minn. : Burgess publishing co., [1941]
Subjects:

MARC

Tag First Indicator Second Indicator Subfields
LEADER 00000cam a2200000 4500
001 in00000043344
005 20151007072759.0
008 800410r1941 mnuaf b 00010 engm
010 |a  42014878  
035 |a (OCoLC)06185828 
035 |9 AAE8544AM 
040 |a DLC  |c NRC  |d NRC  |d TXA  |d UtOrBLW 
049 |a TXAM  |c [117082] 
050 0 |a SB608.W5  |b H7 
082 0 |a 632.4272 
092 |a 581.2324  |b H758b 
100 1 |a Holton, Charles Stewart,  |d 1904- 
245 1 0 |a Bunt or stinking smut of wheat (a world problem) /  |c by Charles Stewart Holton ... and Frederick DeForest Heald ... 
264 1 |a Minneapolis, Minn. :  |b Burgess publishing co.,  |c [1941] 
300 |a 1 page ., ii numbered ., 211 pages including plates, tables, diagrams ;  |c 28 x 22 cm. 
336 |a text  |b txt  |2 rdacontent 
337 |a unmediated  |b n  |2 rdamedia 
338 |a volume  |b nc  |2 rdacarrier 
500 |a Reproduced from type-written copy. 
504 |a Bibliography at end of each chapter. 
650 0 |a Bunt (Disease of wheat) 
650 0 |a Tilletia levis. 
650 0 |a Tilletia tritici. 
700 1 |a Heald, F. D.  |q (Fred DeForest),  |d 1872-1954. 
999 |a MARS 
999 f f |s a2812e22-cc8b-3544-a07f-fb3e22851a54  |i a4b5eac0-f7a2-3387-adea-b0c747713de7  |t 0 
952 f f |p ric  |a Texas A&M University  |b Rellis Campus  |c Joint Library Facility  |d Remote Storage  |t 0  |e SB608.W5 H7  |h Library of Congress classification  |i unmediated -- volume  |m A14800989497 
998 f f |a SB608.W5 H7  |t 0  |l Remote Storage